000 00449nam a2200181Ia 4500
008 230524s9999 xx 000 0 und d
020 _a8120322150
082 _a5.74
_bTAN
100 _aAndrew S.Tanenbaum
245 0 _aDistributed Systems Principles and Paradigms
250 _a*
260 _aNEW DELHI
_bPHI
_c2002
300 _aXXII;803
500 _aQuantity Number: 20
650 _aComp-Sc
700 _a Maartenvan Steen
942 _cBK
999 _c8688
_d8688